Quiz Marques de VTT - Statistiques

Statistiques générales
  • Ce quiz a été pris 632 fois
  • Le résultat moyen est 5 sur 13
Statistiques - réponses
Position Réponse % Correct
6 Canyon
62%
2 Scott
62%
3 Specialized
62%
5 Santa Cruz
59%
9 Trek
54%
8 Lapierre
49%
1 Commencal
46%
4 Giant
46%
11 YT
25%
7 Yeti
14%
12 Norco
8%
10 Kona
5%
13 Rose Bikes
3%
Aucun quiz correspondant
Distribution des résultats
% des personnes avec chaque résultat
Percentile par nombre de réponses
Votre historique - résultats
Vous n’avez pas pris ce quiz